000 00563nam a2200181 4500
999 _c171422
_d171422
005 20200113142946.0
010 _aENG-127360
020 _a9789388691307
_c195.00
035 _aEN-110892
037 _bDBAD/PUB
082 _a651.7
100 _aAhmad,Shoeb
245 _aBusiness Communication :
_cby Shoeb Ahmad
_b/
260 _a Delhi
_bShipra Publications
_c2019
270 _aLG 18-19,Pankaj central Market IP Ext.,Patpargani
_b Delhi
_e110092
_minfo@shiprapublication.com
300 _a1149p.
_c23cm(pbk)
942 _2ddc
_cEN
_h651.7
_mSHE